00299nam a2200097Ia 4500082001500000245006400015100005500079942000700134008004100141999001900182 a914.81 SUD 0aCulture shock! Norway : [a guide to customs and etiquette]  a SU-DALE, Elizabeth Singapore, 1995 99488 cBK210817s9999 xx 000 0 und d c403609d403608